| 000 | 00602nam a2200217Ii 4500 | ||
|---|---|---|---|
| 003 | JO-AjNU | ||
| 008 | 230606s9999||||xx |||||||||||||| ||und|| | ||
| 020 | _a978-0-324-78917-1/0-324-78917-3 | ||
| 040 |
_aJO-AjNU _beng _erda _cJO-AjNU |
||
| 041 | _aeng | ||
| 050 | 1 | 4 | _aHD31.K693.2009 |
| 100 | 3 |
_aKREITNER,ROBERT, _eauthor _91766 |
|
| 245 | 0 | 0 | _aPrinciples of Management |
| 250 | _a11th ed | ||
| 264 | 3 | 1 | _aAustralia:SOUTH-WESTERN,2009 |
| 300 | _a489p | ||
| 336 |
_atext _btxt _2rdacontent |
||
| 337 |
_aunmediated _bn _2rdamedia |
||
| 338 |
_avolume _bnc _2rdacarrier |
||
| 650 | 4 |
_aMANAGEMENT _91767 |
|
| 999 |
_aE931 _c931 _d931 |
||